| 000 | 00647nam a22002057a 4500 | ||
|---|---|---|---|
| 999 |
_c346 _d346 |
||
| 003 | AR-CdUCM | ||
| 008 | 190222b ||||| |||| 00| 0 spa d | ||
| 040 |
_aMUNICIPALIDAD PROVINCIAL DEL CUSCO _cBIBLIOTECA MUNICIPAL DEL CUSCO |
||
| 082 |
_a828.9 / _bH98 |
||
| 100 |
_aHuxley, Aldous _91405 |
||
| 245 |
_aCiego en Gaza / _cAldous Huxley ; [versión castellana de Fernando Calleja]. |
||
| 246 | _aEyes in Gaza. | ||
| 260 |
_aBarcelona : _bEdiciones G.P., _c1961. |
||
| 300 |
_a452 paginas ; _c21cm. |
||
| 650 |
_aNovelas inglesas _91158 |
||
| 650 |
_aTraducciones al español _91053 |
||
| 650 |
_aSiglo XX _98 |
||
| 942 |
_2ddc _cLIBROS |
||
| 945 | _arac | ||